000 00627nam a2200217Ia 4500
001 28519
008 171221s1949 ii g b000 u 465 u
082 _a311
100 _aWeatherburn, C.E. .
245 0 _aA First Course in Mathematical Statistics /
_cC.E. Weatherburn.
_hTextual Documents
250 _a2nd ed. /
260 _aCambridge :
_bAt The University Press ,
_c1949.
300 _a271p. ;
_c22cm.
653 _aStatistics-Mathematics
653 _aMathematical Statistics
653 _aT/G-Statistics
653 _aT/G- Statistics
653 _aT/G-Statistics
653 _aT/G-Statistics
942 _2ddc
_cBK
999 _c28501
_d28501